| 000 | 00495cam a2200169ua 4500 | ||
|---|---|---|---|
| 041 |
_aeng _h |
||
| 082 |
_a828.09 _bOGD/ME |
||
| 100 | _aOgden , C K . | ||
| 245 |
_aMeaning of Meaning A study of the influence if Language upon thought and the Science of symfolism / _cOgdan C K. _hTextual Documents |
||
| 250 |
_a10 / _b. |
||
| 260 |
_aLendon : _bRoutledge & Keyam Pacel ltd , _c1966. |
||
| 300 | _a363 ; . | ||
| 504 | _a | ||
| 700 | 1 | _aRichards, I A . | |
| 942 | _cBK | ||
| 999 |
_c2809 _d2809 |
||